000 00606nam a2200193 a 4500
001 4339
003 CO-ViMGA
008 141112s2004 ck r 000 u spa d
020 _a9502009649
040 _aCO-ViMGA
_bspa
_cCO-ViMGA
082 0 4 _a346.022 M174
100 1 _aMarienhoff, Miguel S
_954983
245 1 0 _aResponsabilidad extracontractual del estado por las consecuencias de su actitud "omisiva" en el ámbito del derecho público
260 _aBuenos Aires :
_bAbeledo - Perrot,
_c1996
300 _a85 p
650 1 4 _aDERECHO PUBLICO
650 1 4 _aRESPONSABILIDAD CONTRACTUAL
942 _2ddc
_cBK
999 _c16352
_d16352